000 00644nam a22002177a 4500
003 UA-OsUOA
001 46277
007 ta
008 20070612b un ||||| |||| 00| 0 ukr d
100 _aПрес-служба Президента України
090 _a32
_bП-12
942 _cSA
040 _aUA-OsUOA
_bukr
_cUA-OsUOA
_dUA-OsUOA
245 _aНаша дружба - це дружба між народами/ Візит Президента Урузіїї М. Саакашвілі до Києва
300 _aС.1,3
955 _a0
041 _aukr
080 _a32
773 0 _w46276
650 7 _a32 Політика
_2UDC
999 _c332376
_d332376